Now we're the economic migrants (Record no. 81737)
[ view plain ]
| 000 -LEADER | |
|---|---|
| fixed length control field | 00880cab a22001935a 4500 |
| 001 - CONTROL NUMBER | |
| control field | L148147 |
| 008 - FIXED-LENGTH DATA ELEMENTS--GENERAL INFORMATION | |
| fixed length control field | 090804e20090710xxkado f s 000 0 eng d |
| 035 ## - SYSTEM CONTROL NUMBER | |
| System control number | (Sirsi) u148147 |
| 041 0# - LANGUAGE CODE | |
| Language code of text/sound track or separate title | eng |
| 100 1# - MAIN ENTRY--PERSONAL NAME | |
| Personal name | McMeeken, Roxane |
| 245 00 - TITLE STATEMENT | |
| Title | Now we're the economic migrants |
| 260 ## - PUBLICATION, DISTRIBUTION, ETC. | |
| Date of publication, distribution, etc. | 2009 |
| 490 #0 - SERIES STATEMENT | |
| Series statement | Building |
| Volume/sequential designation | 274 (8587) 10 July 2009, 44-47 (4) |
| 520 ## - SUMMARY, ETC. | |
| Summary, etc. | Discusses results from the "Hays International Salary Guide 2009", which reveals that salaries are stagnant or reducing worldwide. Examines reasons for these changes in the international market and the few attractive options remaining. Salary tables show average pay for project managers, quantity surveyors, architects, civil and structural engineers. Salaries are presented by countries or by regions. |
| 590 ## - LOCAL NOTE (RLIN) | |
| Local note | KA |
| 651 #4 - SUBJECT ADDED ENTRY--GEOGRAPHIC NAME | |
| Geographic name | United Kingdom |
| Chronological subdivision | |
| 690 ## - LOCAL SUBJECT ADDED ENTRY--TOPICAL TERM (OCLC, RLIN) | |
| Topical term or geographic name as entry element | MANAGEMENT-BUSINESS MANAGEMENT |
| 942 ## - ADDED ENTRY ELEMENTS (KOHA) | |
| Suppress in OPAC | 0 |
| Withdrawn status | Lost status | Source of classification or shelving scheme | Damaged status | Not for loan | Home library | Current library | Shelving location | Date acquired | Total Checkouts | Full call number | Barcode | Date last seen | Copy number | Price effective from | Koha item type |
|---|---|---|---|---|---|---|---|---|---|---|---|---|---|---|---|
| Dewey Decimal Classification | London | London | Journal article | 04/08/2009 | L148147 | 148147-1001 | 06/08/2019 | 1 | 06/08/2019 | Journal article |